[Event "ECC"]
[Site "Panormo GRE"]
[Date "2001.09.25"]
[Round "3"]
[White "Motylev,A"]
[Black "Lugovoi,A"]
[Result "1-0"]
[WhiteElo "2627"]
[BlackElo "2485"]

1.e4 d6 2.d4 g6 3.Nc3 Bg7 4.g3 Nf6 5.Bg2 O-O 6.Nge2 e5 7.h3 Nc6 8.Be3 exd4
9.Nxd4 Bd7 10.O-O Re8 11.Re1 a6 12.f4 Na5 13.Bf2 c5 14.Nf3 Bc6 15.e5 dxe5
16.Nxe5 Bxg2 17.Kxg2 Qc7 18.Qf3 b5 19.Rad1 Rad8 20.b3 Nb7 21.g4 h6 22.a4 b4
23.Nd5 Nxd5 24.Rxd5 Rxd5 25.Qxd5 Rd8 26.Qe4 Rd6 27.Nd3 Re6 28.Qd5 Rxe1 29.Bxe1 Bd4
30.Bh4 a5 31.Kf3 Kg7 32.Ne5 g5 33.Bg3 Qe7 34.Qd7 Qf6 35.Nc6 Nd6 36.f5  1-0

[Event "ECC"]
[Site "Panormo GRE"]
[Date "2001.09.26"]
[Round "4"]
[White "Simeonidis,I"]
[Black "Motylev,A"]
[Result "0-1"]
[WhiteElo "2280"]
[BlackElo "2627"]

1.d4 g6 2.e4 Bg7 3.c4 d6 4.Nc3 Nf6 5.Nf3 O-O 6.Be2 e5 7.d5 a5 8.Bg5 h6 9.Bh4 Na6
10.Nd2 Qe8 11.O-O Bd7 12.Kh1 Nh7 13.Ndb1 Nc5 14.Na3 f5 15.exf5 Bxf5 16.g4 Bd7
17.Nab5 Rc8 18.Na7 Ra8 19.Nab5 Rc8 20.Na7 Ra8 21.Nab5 Bxb5 22.cxb5 e4 23.f4 g5
24.Bg3 gxf4 25.Bxf4 Qg6 26.Qd2 Ng5 27.Qe3 Rae8 28.Qg3 Nd3 29.Bxd3 exd3 30.Bxg5 hxg5
31.Rad1 Rxf1+ 32.Rxf1 Bxc3 33.bxc3 Qe4+ 34.Kg1 d2 35.Qf2 Qxg4+ 36.Kh1 Qf4  0-1

[Event "ECC"]
[Site "Panormo GRE"]
[Date "2001.09.27"]
[Round "5"]
[White "Pigusov,E"]
[Black "Motylev,A"]
[Result "1-0"]
[WhiteElo "2613"]
[BlackElo "2627"]

1.Nf3 c5 2.c4 Nc6 3.Nc3 e5 4.g3 g6 5.Bg2 Bg7 6.O-O d6 7.d3 Nge7 8.Rb1 O-O
9.a3 a5 10.Ne1 Be6 11.Bg5 f6 12.Be3 f5 13.Bg5 Bf6 14.Bxf6 Rxf6 15.b4 axb4
16.axb4 Nxb4 17.Nc2 Nec6 18.Nd5 Rf7 19.Ncxb4 Nxb4 20.Nxb4 cxb4 21.Qb3 Rc8
22.Qxb4 d5 23.Qb5 e4 24.cxd5 Bxd5 25.dxe4 Bxe4 26.Bxe4 fxe4 27.Qb3 Qd4 28.Rbd1 Qc4
29.Qe3 Qe6 30.f4 Rc4 31.Rd8+ Kg7 32.Rfd1 Qc6 33.R8d6 Qb5 34.R1d4 Rc2 35.Rxe4 Qa5
36.Kg2 Qh5 37.h4 Qf5 38.Re7 Rc7 39.Qe5+ Qxe5 40.Rxe5 Rf6 41.Rxf6 Kxf6 42.h5 b6
43.hxg6 hxg6 44.Rb5 Rc6 45.Kf3 Ke6 46.e4 Kd7 47.Rb3 Re6 48.f5 gxf5 49.exf5 Rc6
50.Kf4 Ke7 51.g4 Kf7 52.Kg5 Kg7 53.Rb5 Rd6 54.Kf4 Rc6 55.g5 Kf7 56.Rd5 Ke7
57.f6+  1-0

[Event "World Teams"]
[Site "Yerevan ARM"]
[Date "2001.10.12"]
[Round "1"]
[White "Acs,P"]
[Black "Motylev,A"]
[Result "1/2-1/2"]
[WhiteElo "2530"]
[BlackElo "2641"]

1.e4 e5 2.Nf3 Nf6 3.Nc3 Nc6 4.Bb5 Bb4 5.O-O O-O 6.d3 Bxc3 7.bxc3 d6 8.Re1 Re8
9.Bg5 h6 10.Bh4 a6 11.Bxc6 bxc6 12.d4 Qe7 13.Nd2 Qe6 14.Bg3 c5 15.dxc5 dxc5
16.Qe2 a5 17.Qc4 Qc6 18.Qd3 Ba6 19.c4 Nd7 20.Qc3 a4 21.f3 f6 22.Bf2 Nb6 23.Qa3 Red8
24.Nf1 Bxc4 25.Qxc5 Qxc5 26.Bxc5 Ra5 27.Bxb6 cxb6 28.Ne3 Bf7 29.a3 Rc5 30.Red1 Rxd1+
31.Rxd1 Rc3 32.Rd8+ Kh7 33.Kf2 Rxa3 34.Rd7 Bg8 35.Nf5 Rc3 36.Nxg7 Rxc2+ 37.Kg3 Kh8
38.Nf5 a3 39.Ne7 Be6 40.Ra7 a2 41.Nd5 Bxd5 42.exd5 Rd2 43.d6 b5 44.Kg4 Rxd6
45.Rxa2 Rd4+ 46.Kf5 Ra4 47.Rb2 Kg7 48.Rxb5 Rf4+ 49.Ke6 e4 50.Rb4 f5 51.Ke5 Rh4
52.Rb7+ Kg6 53.Rb6+ Kg5 54.Rf6 exf3 55.Rxf5+ Kg6 56.Rf6+ Kg7 57.Rxf3  1/2-1/2

[Event "World Teams"]
[Site "Yerevan ARM"]
[Date "2001.10.13"]
[Round "2"]
[White "Motylev,A"]
[Black "Roghani,A"]
[Result "1-0"]
[WhiteElo "2641"]
[BlackElo "2276"]

1.e4 e6 2.d4 d5 3.Nd2 c5 4.Ngf3 Nc6 5.exd5 exd5 6.Bb5 Bd6 7.dxc5 Bxc5 8.Nb3 Bd6
9.O-O Ne7 10.Re1 O-O 11.Bd3 h6 12.h3 Nf5 13.c3 Bc7 14.Bc2 Qd6 15.Qd3 g6 16.Qd1 h5
17.Bg5 Bd7 18.Qd2 Rae8 19.Rad1 Rxe1+ 20.Rxe1 f6 21.Bxf5 Bxf5 22.Bh4 Bb6 23.Nfd4 Be4
24.f3 Bf5 25.Bf2 Qd7 26.Kf1 Nxd4 27.Bxd4 Bc7 28.g4 hxg4 29.hxg4 Be6 30.Nc5 Qb5+
31.Qe2 Qxe2+ 32.Rxe2 Bc8 33.Ne6 Bxe6 34.Rxe6 Kg7 35.Bc5 Rf7 36.Bxa7 Be5 37.Be3 Rd7
38.f4 Kf7 39.Rb6 Bd6 40.Kf2 f5 41.Kf3 Bf8 42.Bd4 Be7 43.gxf5 gxf5 44.a4 Bh4
45.b4 Bd8 46.Rh6 Be7 47.a5 Rd6  1-0

[Event "World Teams"]
[Site "Yerevan ARM"]
[Date "2001.10.15"]
[Round "4"]
[White "Motylev,A"]
[Black "Asrian,K"]
[Result "1/2-1/2"]
[WhiteElo "2641"]
[BlackElo "2604"]

1.e4 c6 2.d4 d5 3.Nc3 dxe4 4.Nxe4 Bf5 5.Ng3 Bg6 6.h4 h6 7.Nf3 e6 8.Ne5 Bh7
9.Bd3 Bxd3 10.Qxd3 Nd7 11.f4 c5 12.Be3 Qa5+ 13.Bd2 Qa4 14.Bc3 Rd8 15.b3 Nxe5
16.fxe5 Qc6 17.Ne4 cxd4 18.O-O-O Ne7 19.Ba5 Rd5 20.Nd6+ Kd7 21.Rhf1 f5 22.exf6 Qxd6
23.fxe7 Bxe7 24.Bd2 Bf6 25.g4 Re8 26.g5 hxg5 27.hxg5 Bxg5 28.Bxg5 Rxg5 29.Qc4 b5
30.Rf7+ Re7 31.Qf1 Rd5 32.Rf8 Kc6 33.a4 Kb7 34.axb5 Rc7 35.Kb1 Qc5 36.Rd2 Qxb5
37.Qxb5+ Rxb5 38.Rxd4 g5 39.Re4 Rg7 40.Rxe6 g4 41.Rf2 g3 42.Rg2 Rf5 43.Re3 Rfg5
44.Kb2 a5 45.Rd3  1/2-1/2

[Event "Aeroflot Open"]
[Site "Moscow RUS"]
[Date "2002.02.05"]
[Round "1"]
[White "Prokopchuk,E"]
[Black "Motylev,A"]
[Result "1/2-1/2"]
[WhiteElo "2508"]
[BlackElo "2639"]

1.e4 c5 2.Nf3 d6 3.d4 cxd4 4.Nxd4 Nf6 5.f3 Nc6 6.Nc3 e5 7.Nb3 Be7 8.Be3 O-O
9.Qd2 Be6 10.Rd1 Na5 11.Nd5 Nxd5 12.exd5 Nxb3 13.axb3 Bd7 14.Be2 f5 15.O-O f4
16.Bf2 Bh4 17.Bxh4 Qxh4 18.Qb4 Rf6 19.Qxb7 Rd8 20.Bd3 Rh6 21.Rf2 g5 22.Kf1 g4
23.Ke2 Qf6 24.h3 e4 25.Bxe4 Qxb2 26.Qb4 g3 27.Rff1 Rc8 28.Qd2 Rh5 29.Rb1 Qe5
30.c4 Bf5 31.Kd3 a5 32.Rfe1 Re8 33.Qxa5 Qf6 34.Qc3 Bxe4+ 35.Rxe4 Qxc3+ 36.Kxc3 Rxe4
37.fxe4 f3 38.gxf3 Rxh3 39.Rg1 h5 40.Kd4 h4 41.b4 Kf7 42.c5 dxc5+ 43.bxc5 Rh1
44.Rg2 Rh2 45.Rg1 Rh1 46.Rxh1 g2 47.Rg1 h3 48.c6 h2 49.Rxg2 h1=Q 50.Rc2 Qd1+
51.Kc3 Qxf3+ 52.Kb2 Qxe4  1/2-1/2

[Event "Aeroflot Open"]
[Site "Moscow RUS"]
[Date "2002.02.05"]
[Round "2"]
[White "Motylev,A"]
[Black "Riazantsev,A"]
[Result "0-1"]
[WhiteElo "2639"]
[BlackElo "2511"]

1.e4 c6 2.d4 g6 3.Nc3 d5 4.e5 Bg7 5.f4 h5 6.Be2 Nh6 7.Nf3 Bg4 8.Be3 e6 9.Bf2 Nf5
10.h3 Bxf3 11.Bxf3 h4 12.Ne2 Nd7 13.Qd3 Bf8 14.O-O Be7 15.b3 Kf8 16.c4 Kg7
17.a3 a5 18.Rfc1 Qb6 19.Nc3 Rhc8 20.Kh2 Qa6 21.Be2 Qa7 22.Qd2 Qb6 23.Na4 Qd8
24.Bd3 Nh6 25.c5 b5 26.cxb6 Nxb6 27.Nc5 Nd7 28.b4 axb4 29.axb4 Nf5 30.Ra5 Nxc5
31.dxc5 Rab8 32.Rca1 Rc7 33.Ra7 Qd7 34.Rxc7 Qxc7 35.Ra6 Bd8 36.Be1 Rb7 37.Qa2 Nd4
38.Ra8 Rb8 39.Ra7 Rb7 40.Ra8 Rb8 41.Ra7 Rb7 42.Rxb7 Qxb7 43.Qa6 Qc7 44.Bc3 Nf5
45.Kg1 Ng3 46.Bd4 Qb8 47.Bc3 Qc7 48.Qa8 Qd7 49.Bd4 Qc7 50.Kf2 Nh5 51.Kf3 Ng3
52.Ba6 Nf5 53.Bb2 Kf8 54.Qb7 Ke7 55.Qxc7+ Bxc7 56.Bc3 Kd7 57.b5 cxb5 58.Bxb5+ Kd8
59.Ke2 Ng3+ 60.Kd3 Nf5 61.Be1 Ng3 62.Kc2 Ke7 63.Kb3 f6 64.exf6+ Kxf6 65.Bc3+ Kf5
66.Bd3+ Kxf4 67.Bxg6 Ne4 68.Bxe4 Kxe4 69.Be1 Kd3 70.Bxh4 d4 71.Bg5 e5 72.h4 e4
73.h5 e3 74.h6 Be5 75.h7 Ke2 76.c6 d3 77.c7 d2 78.c8=Q d1=Q+ 79.Qc2+ Qxc2+
80.Kxc2 Kf2 81.Kd3 e2  0-1

[Event "Aeroflot Open"]
[Site "Moscow RUS"]
[Date "2002.02.06"]
[Round "3"]
[White "Zubarev,A1"]
[Black "Motylev,A"]
[Result "1-0"]
[WhiteElo "2480"]
[BlackElo "2639"]

1.Nf3 d5 2.c4 c6 3.e3 Nf6 4.Nc3 g6 5.d4 Bg7 6.Be2 O-O 7.O-O Bf5 8.cxd5 cxd5
9.Qb3 b6 10.Ne5 Ne4 11.Nxe4 dxe4 12.Rd1 Be6 13.Qa3 Qd6 14.b3 b5 15.Bb2 a6
16.Rac1 Bd5 17.Qa5 f6 18.f3 Kh8 19.fxe4 Bxe4 20.Bf3 Bxf3 21.Nxf3 Nc6 22.Qd2 Rad8
23.d5 Nb4 24.e4 Nxa2 25.Rc6 Qxc6 26.dxc6 Rxd2 27.Rxd2 Bh6 28.Rd7 Nb4 29.c7 Be3+
30.Kf1 Nc6 31.Ke2 Bb6 32.e5 Kg8 33.exf6 exf6 34.Bxf6 Rc8 35.Rg7+ Kf8 36.Ng5 Nd4+
37.Bxd4 Re8+ 38.Kd3  1-0

[Event "Aeroflot Open"]
[Site "Moscow RUS"]
[Date "2002.02.07"]
[Round "4"]
[White "Motylev,A"]
[Black "Kosteniuk,A"]
[Result "1-0"]
[WhiteElo "2639"]
[BlackElo "2469"]

1.e4 c5 2.Nf3 d6 3.d4 cxd4 4.Nxd4 Nf6 5.Nc3 Nc6 6.f3 e5 7.Nb3 Be7 8.Be3 Be6
9.Nd5 Bxd5 10.exd5 Nb4 11.c4 a5 12.Qd2 b6 13.Be2 Nd7 14.O-O O-O 15.f4 Rc8
16.a3 Na6 17.fxe5 Nxe5 18.Nd4 Nc5 19.b4 Ne4 20.Qc2 Nf6 21.Qb3 Qd7 22.Nf5 a4
23.Qa2 Bd8 24.Rf4 Ng6 25.Rff1 Ne5 26.Rac1 Re8 27.Qb2 b5 28.c5 dxc5 29.Bxc5 Ne4
30.Qd4 Nxc5 31.bxc5 Bf6 32.Qd2 Qa7 33.Kh1 Red8 34.d6 Qa6 35.Qb4 Rb8 36.Rb1 Nc6
37.Qg4 Ne5 38.Qb4 Nc6 39.Qg4 Ne5 40.Qe4 Re8 41.Qd5 Nd7 42.Bh5 Rf8 43.Ne7+ Kh8
44.Bxf7 Ne5 45.Be6 Rbd8 46.Nf5 b4 47.axb4 Rb8 48.Nd4 Rxb4 49.Rbd1 Ng6 50.Nc6 Rf4
51.Rg1 Rh4 52.d7 Qe2 53.Rde1 Qf2 54.Rgf1 Qg3 55.Bh3  1-0

[Event "Aeroflot Open"]
[Site "Moscow RUS"]
[Date "2002.02.09"]
[Round "7"]
[White "Vasiukov,E"]
[Black "Motylev,A"]
[Result "1/2-1/2"]
[WhiteElo "2524"]
[BlackElo "2639"]

1.e4 e5 2.Nf3 Nf6 3.Nxe5 d6 4.Nf3 Nxe4 5.Qe2 Qe7 6.d3 Nf6 7.Bg5 Nbd7 8.Nc3 Qxe2+
9.Bxe2 h6 10.Bf4 Nb6 11.Nd4 a6 12.Bf3 g5 13.Bd2 g4 14.Be2 Bg7 15.O-O-O Bd7
16.h3 O-O-O 17.Rdg1 Nfd5 18.Nxd5 Nxd5 19.Nb3 h5 20.g3 Ne7 21.Re1 Ng6 22.hxg4 Bxg4
23.d4 d5 24.c3 Bxe2 25.Rxe2 h4 26.g4 Rde8 27.Rxe8+ Rxe8 28.f4 f5 29.gxf5 Ne7
30.Rxh4 Rh8 31.Rxh8+ Bxh8 32.Kd1 Nxf5 33.Ke2 Bf6 34.Kf3 Nh6 35.Nc5 Be7 36.Nd3 Kd7
37.Ne1 Ke6 38.Ng2 Kf7 39.Be1 Nf5 40.Kg4 Kg6 41.Bh4 Bd6 42.Bg5 c6 43.Nh4+  1/2-1/2

[Event "Aeroflot Open"]
[Site "Moscow RUS"]
[Date "2002.02.09"]
[Round "8"]
[White "Motylev,A"]
[Black "Markowski,T"]
[Result "1/2-1/2"]
[WhiteElo "2639"]
[BlackElo "2524"]

1.e4 c5 2.Nf3 e6 3.d4 cxd4 4.Nxd4 a6 5.Bd3 Bc5 6.Nb3 Be7 7.Qg4 g6 8.Qe2 d6
9.c4 b6 10.Nc3 Bb7 11.O-O Nd7 12.Rd1 Qc7 13.Nd4 Rc8 14.b3 Ngf6 15.Bh6 Qc5
16.Be3 Qc7 17.Bh6 Qc5 18.Nf3 Qh5 19.Bf4 O-O 20.Rac1 Rfd8 21.h3 Bf8 22.Bb1 Qc5
23.Rc2 Nh5 24.Bg5 Re8 25.Be3 Qc7 26.Rcc1  1/2-1/2

[Event "Aeroflot Open"]
[Site "Moscow RUS"]
[Date "2002.02.10"]
[Round "9"]
[White "Belov,Vl"]
[Black "Motylev,A"]
[Result "1/2-1/2"]
[WhiteElo "2487"]
[BlackElo "2639"]

1.d4 Nf6 2.c4 g6 3.Nc3 Bg7 4.e4 d6 5.Nf3 O-O 6.Be2 e5 7.Be3 Ng4 8.Bg5 f6
9.Bh4 Nd7 10.O-O Nh6 11.dxe5 dxe5 12.b4 a5 13.a3 c6 14.c5 axb4 15.axb4 Rxa1
16.Qxa1 Kh8 17.Rd1 Qe7 18.Nd2 g5 19.Bg3 f5 20.f3 Nf6 21.Nc4 f4 22.Bf2 g4
23.Nd6 gxf3 24.Nxc8 Rxc8 25.gxf3 Nh5 26.Kh1 Bf6 27.Bc4 Nf7 28.Ne2 Ng5 29.Ng1 Ng7
30.Rd6 N5e6 31.Ne2 Ng5 32.Ng1 N5e6 33.Qf1 Rd8 34.Rxd8+ Qxd8 35.Qd3 Qxd3 36.Bxd3 Kg8
37.Ne2 Kf7 38.Kg2 Ke7  1/2-1/2

[Event "13th Goodricke"]
[Site "Calcutta IND"]
[Date "2002.03.18"]
[Round "2"]
[White "Barua,D"]
[Black "Motylev,A"]
[Result "1/2-1/2"]
[WhiteElo "2515"]
[BlackElo "2639"]

1.e4 c5 2.Nf3 d6 3.d4 cxd4 4.Nxd4 Nf6 5.Nc3 Nc6 6.Be2 g6 7.O-O Bg7 8.Nb3 O-O
9.Re1 Bd7 10.Bf1 Rc8 11.Nd5 Nxd5 12.exd5 Ne5 13.h3 b5 14.c3 a5 15.Nd4 b4
16.cxb4 axb4 17.Qb3 Rb8 18.Qd1 Rc8 19.Qb3 Rb8 20.Qd1  1/2-1/2

[Event "13th Goodricke"]
[Site "Calcutta IND"]
[Date "2002.03.19"]
[Round "3"]
[White "Motylev,A"]
[Black "Mahesh Chandran,P"]
[Result "1-0"]
[WhiteElo "2639"]
[BlackElo "2436"]

1.e4 e5 2.Nf3 Nf6 3.Nxe5 d6 4.Nf3 Nxe4 5.d4 d5 6.Bd3 Be7 7.O-O Nc6 8.c4 Nb4
9.Be2 O-O 10.Nc3 Be6 11.Ne5 c5 12.Nxe4 dxe4 13.d5 Bc8 14.a3 Na6 15.Qc2 f6
16.Ng4 Nc7 17.f3 exf3 18.Bxf3 Bd6 19.Nf2 f5 20.Nd3 b5 21.Be3 bxc4 22.Nxc5 Qe7
23.Ne6 Nxe6 24.dxe6 Rb8 25.Qxc4 Bxe6 26.Bd5 Bxd5 27.Qxd5+ Kh8 28.Rae1 Qc7
29.Rxf5 Bxh2+ 30.Kh1 Rxf5 31.Qxf5 Bg3 32.Rc1 Qb7 33.Bxa7 Re8 34.Bd4 Qe7 35.Qg4 Bd6
36.Kg1 h6 37.Rd1 Be5 38.Bxe5 Qxe5 39.Qd4 Qg3 40.Qf2 Qg4 41.Rd4 Qg6 42.Qd2 Qb6
43.Kh2 Rf8 44.b4 Qc7+ 45.Kg1 Qa7 46.Qe3 Qf7 47.Rd1 Re8 48.Qd4 Qe6 49.Qd3 Qb6+
50.Kh2 Qf2 51.Qg3 Qxg3+ 52.Kxg3 Re3+ 53.Kf4 Rxa3 54.Rb1 Ra6 55.b5 Rb6 56.Ke5 Kh7
57.Kd5 Kg6 58.Kc5 Rb8 59.b6 Kf5 60.Rb4 h5 61.b7 g5 62.Kc6 h4 63.Kc7 Rg8 64.b8=Q Rxb8
65.Kxb8 g4 66.Kc7 Kg5 67.Kd6  1-0

[Event "13th Goodricke"]
[Site "Calcutta IND"]
[Date "2002.03.21"]
[Round "5"]
[White "Motylev,A"]
[Black "Lalic,B"]
[Result "1-0"]
[WhiteElo "2639"]
[BlackElo "2523"]

1.e4 c5 2.Nf3 Nc6 3.d4 cxd4 4.Nxd4 Nf6 5.Nc3 e5 6.Ndb5 d6 7.Bg5 a6 8.Na3 b5
9.Bxf6 gxf6 10.Nd5 f5 11.Bd3 Be6 12.O-O Bxd5 13.exd5 Ne7 14.c3 Bg7 15.Qh5 e4
16.Bc2 O-O 17.Rae1 Qc8 18.Kh1 Ng6 19.Bb1 b4 20.cxb4 Bxb2 21.Nc2 Bc3 22.Re3 Bg7
23.Rh3 h6 24.f4 Ra7 25.g4 fxg4 26.Rg3 Ne7 27.f5 Nxd5 28.Qxg4 f6 29.Qxe4 Nc3
30.Qg2 Nxb1 31.Nd4 Nc3 32.Nc6 Ne2 33.Re3 Nf4 34.Rxf4 Kh8 35.Nxa7 Qc1+ 36.Qg1 Qc7
37.Rg3 Qb7+ 38.Rg2 Rf7 39.Rc4 Qxa7 40.Qxa7 Rxa7 41.Rd2 Bf8 42.Rc8 Kg8 43.Rg2+ Kf7
44.Rgc2  1-0

[Event "13th Goodricke"]
[Site "Calcutta IND"]
[Date "2002.03.23"]
[Round "7"]
[White "Motylev,A"]
[Black "Kunte,A"]
[Result "1/2-1/2"]
[WhiteElo "2639"]
[BlackElo "2479"]

1.e4 c5 2.Nf3 Nc6 3.d4 cxd4 4.Nxd4 Qb6 5.Nb3 Nf6 6.Nc3 e6 7.Qe2 Bb4 8.Bd2 O-O
9.a3 Be7 10.e5 Nd5 11.O-O-O d6 12.exd6 Bxd6 13.Nb5 Be5 14.c4 a6 15.cxd5 exd5
16.Be3 Qxb5 17.Qxb5 axb5 18.Bxb5 Be6 19.Kb1 Rfc8 20.Bd4 Bf5+ 21.Bd3 Bg4 22.f3 Nxd4
23.Nxd4 Bxd4 24.fxg4 Be3 25.Be2 d4 26.Rd3 Rc7 27.Rb3 Rd8 28.Rd1 Rdd7 29.Bf3 Kf8
30.Rdd3 Ke7 31.Rb5 Kd8 32.a4 h6 33.h3 g6 34.a5 Bg5 35.Ka2 Be7 36.Rdb3 d3
37.Rxb7 Rxb7 38.Rxb7 Rxb7 39.Bxb7 Kc7 40.Bd5 d2 41.Bf3 Bb4 42.a6 Bc5 43.Kb3 g5
44.Kc4 Kd6 45.b4 Bb6 46.Kd3 Ke5 47.Kxd2 f6 48.Kc3 Bf2 49.Kc4 Kd6 50.Kb3 Bg1
51.Ka4 Bf2 52.Ka3 Bg1 53.Kb2 Bf2 54.Kb3 Bg1 55.Ka4 Bf2 56.g3 Bg1 57.h4 Bf2
58.Kb5 Ba7 59.h5 Bg1 60.Ka5 Bf2  1/2-1/2

[Event "13th Goodricke"]
[Site "Calcutta IND"]
[Date "2002.03.24"]
[Round "8"]
[White "Sandipan,C"]
[Black "Motylev,A"]
[Result "1/2-1/2"]
[WhiteElo "2452"]
[BlackElo "2639"]

1.e4 c5 2.Nf3 d6 3.d4 cxd4 4.Nxd4 Nf6 5.Nc3 g6 6.Be3 Bg7 7.f3 O-O 8.Qd2 Nc6
9.Bc4 Bd7 10.O-O-O Ne5 11.Bb3 Rc8 12.Kb1 Re8 13.h4 h5 14.Bh6 Nc4 15.Bxc4 Rxc4
16.Bxg7 Kxg7 17.g4 hxg4 18.h5 Rh8 19.fxg4 Bxg4 20.hxg6 fxg6 21.Nd5 e5 22.Rxh8 Qxh8
23.Qg5 Nxd5 24.Qxg4 Rxd4 25.Qd7+ Kg8 26.Qe8+  1/2-1/2

[Event "13th Goodricke"]
[Site "Calcutta IND"]
[Date "2002.03.25"]
[Round "9"]
[White "Motylev,A"]
[Black "Shetty,R"]
[Result "1-0"]
[WhiteElo "2639"]
[BlackElo "2335"]

1.e4 e5 2.Nf3 Nc6 3.Bb5 a6 4.Bxc6 dxc6 5.Nc3 f6 6.d4 exd4 7.Nxd4 c5 8.Nde2 Qxd1+
9.Nxd1 Bd6 10.Bf4 Ne7 11.Ne3 Be6 12.f3 O-O-O 13.Kf2 Rd7 14.h4 Bf7 15.h5 h6
16.Rad1 Rhd8 17.a3 b5 18.g4 c4 19.Bxd6 Rxd6 20.Nf4 c5 21.Rxd6 Rxd6 22.Rd1 Rxd1
23.Nxd1 Kc7 24.Ne3 Kd6 25.c3 Ke5 26.Nfg2 g5 27.hxg6 Bxg6 28.Nh4 Bf7 29.Nef5 Nxf5
30.Nxf5 h5 31.gxh5 Bxh5 32.Ke3 Bf7 33.f4+ Ke6 34.Nh4 Kd6 35.f5 b4 36.axb4 cxb4
37.cxb4 Kc6 38.Kd4 Kb5 39.Kc3 a5 40.bxa5 Kxa5 41.Ng6 Kb5 42.e5 Kc5 43.exf6  1-0

[Event "13th Goodricke"]
[Site "Calcutta IND"]
[Date "2002.03.26"]
[Round "10"]
[White "Motylev,A"]
[Black "Ovsejevitsch,S"]
[Result "1/2-1/2"]
[WhiteElo "2639"]
[BlackElo "2529"]

1.e4 e5 2.Nf3 Nc6 3.d4 exd4 4.Nxd4 Nf6 5.Nxc6 bxc6 6.e5 Qe7 7.Qe2 Nd5 8.c4 Ba6
9.b3 f6 10.Bb2 fxe5 11.Qh5+ g6 12.Qxe5 Nf6 13.Qxe7+ Kxe7 14.Nc3 Bg7 15.O-O-O Rad8
16.g3 Rhe8 17.Bh3 Kf7 18.Rhe1 Rxe1 19.Rxe1 Bc8 20.Ne4 Nxe4 21.Rxe4 Bxb2+
22.Kxb2 c5 23.Bg2 Re8 24.Rxe8 Kxe8 25.Kc3 Kd8 26.b4 cxb4+ 27.Kxb4 c6 28.h4 Kc7
29.c5 d6 30.a3 h6 31.Kc4 Bf5 32.Kd4 g5 33.Bf1 a5 34.Be2 Kd7 35.Bh5 Ke7 36.Bf3 Kd7
37.Bd1 Kc7 38.Be2  1/2-1/2

[Event "Open"]
[Site "Dubai UAE"]
[Date "2002.04.15"]
[Round "1"]
[White "Motylev,A"]
[Black "Gokhale,J"]
[Result "1-0"]
[WhiteElo "2639"]
[BlackElo "2373"]

1.e4 c5 2.Nf3 e6 3.d4 cxd4 4.Nxd4 a6 5.Bd3 g6 6.c4 Bg7 7.Ne2 Nf6 8.Nbc3 d6
9.O-O O-O 10.Bg5 Re8 11.Qd2 Bf8 12.Rad1 Nbd7 13.Bc2 Qc7 14.Ba4 Ng4 15.b3 Nge5
16.f4 Nc6 17.f5 Rb8 18.fxe6 fxe6 19.Nf4 Qa5 20.Bxc6 bxc6 21.Nd3 Bg7 22.b4 Rxb4
23.Nxb4 Qxb4 24.Nb1 Qxc4 25.Qxd6 Qxe4 26.Nd2 Qd5 27.Nf3 Qb5 28.Qc7 c5 29.Rb1 Qa4
30.Bd8 h6 31.Rfd1 Qxa2 32.Qxc8  1-0

[Event "Open"]
[Site "Dubai UAE"]
[Date "2002.04.16"]
[Round "2"]
[White "Volzhin,A"]
[Black "Motylev,A"]
[Result "1/2-1/2"]
[WhiteElo "2521"]
[BlackElo "2639"]

1.e4 c5 2.Nf3 Nc6 3.Bb5 g6 4.O-O Bg7 5.c3 Nf6 6.Re1 O-O 7.d4 cxd4 8.cxd4 d5
9.e5 Ne4 10.Bxc6 bxc6 11.Nbd2 c5 12.dxc5 Nxc5 13.Nb3 Nxb3 14.Qxb3 d4 15.Rd1 Be6
16.Qa3 Qb6 17.Nxd4 Bxe5 18.Be3 Rfd8 19.Nxe6 Qxe6 20.Rxd8+ Rxd8 21.Qxa7 Bxb2
22.Rf1 Bf6 23.Qa4 Qd5 24.Qb3 h5 25.Qxd5 Rxd5 26.Rc1 Ra5  1/2-1/2

[Event "Open"]
[Site "Dubai UAE"]
[Date "2002.04.17"]
[Round "3"]
[White "Motylev,A"]
[Black "Sherbakov,R"]
[Result "1/2-1/2"]
[WhiteElo "2639"]
[BlackElo "2539"]

1.e4 c5 2.Nf3 Nc6 3.d4 cxd4 4.Nxd4 Nf6 5.Nc3 d6 6.f3 e5 7.Nb3 Be7 8.Be3 O-O
9.Qd2 a5 10.Bb5 Be6 11.Rd1 Na7 12.Bd3 Nc8 13.O-O Nb6 14.Qf2 Nc4 15.Bxc4 Bxc4
16.Rfe1 Qb8 17.a4 b5 18.Nd2 Qb7 19.Nxc4 bxc4 20.Bg5 Qxb2 21.Bxf6 Bxf6 22.Nd5 Bg5
23.Rb1 Qa3 24.Ra1 Qb2 25.Rab1 Qa3 26.Ra1 Qb2 27.Rab1  1/2-1/2

[Event "Open"]
[Site "Dubai UAE"]
[Date "2002.04.18"]
[Round "4"]
[White "Belkhodja,S"]
[Black "Motylev,A"]
[Result "1-0"]
[WhiteElo "2506"]
[BlackElo "2639"]

1.e4 c5 2.Nf3 g6 3.c3 Bg7 4.d4 cxd4 5.cxd4 d5 6.exd5 Nf6 7.Bb5+ Nbd7 8.d6 exd6
9.Qe2+ Qe7 10.Bf4 Qxe2+ 11.Bxe2 Ke7 12.Nc3 Nb6 13.O-O Nfd5 14.Bg5+ f6 15.Nxd5+ Nxd5
16.Rfe1 Kd8 17.Bd2 Bd7 18.Bc4 Nb6 19.Bb3 a5 20.Bf4 a4 21.Be6 d5 22.Rac1 Rc8
23.Rxc8+ Bxc8 24.Bxc8 Nxc8 25.Rc1 Bf8 26.Rc7 Bd6 27.Rxc8+ Kxc8 28.Bxd6 Kd7
29.Bb4 Rc8 30.a3 Rc1+ 31.Ne1 b5 32.Kf1 Rc4 33.Bc3 Rc8 34.Ke2 Re8+ 35.Kd2 g5
36.Nc2 f5 37.Nb4 Ke6 38.Nd3 f4 39.f3 Kf5 40.Ne5 h5 41.h3 Ke6 42.Bb4 Rc8 43.Bc3 Rg8
44.Ke2 Rc8 45.Nd3 Kf5 46.Kf2 h4 47.Ke2 Re8+ 48.Kd2 Re7 49.Bb4 Re8 50.Bc5 Re3
51.Ne5 Ke6 52.Bb4 Kf5 53.Bc3  1-0

[Event "Open"]
[Site "Dubai UAE"]
[Date "2002.04.19"]
[Round "5"]
[White "Motylev,A"]
[Black "Shetty,R"]
[Result "1-0"]
[WhiteElo "2639"]
[BlackElo "2335"]

1.e4 c5 2.Nf3 Nc6 3.d4 cxd4 4.Nxd4 Nf6 5.Nc3 d6 6.Bg5 a6 7.Qd2 Qb6 8.Nb3 e6
9.O-O-O Qc7 10.f4 b5 11.g3 Bb7 12.Bg2 Rd8 13.Rhe1 Be7 14.Nd5 exd5 15.exd5 Nb8
16.Bxf6 gxf6 17.Nd4 Bc8 18.Re3 O-O 19.Qe2 Rfe8 20.Re1 Kf8 21.Qh5 Kg7 22.g4 Qa7
23.Rh3 Rh8 24.Nf5+ Bxf5 25.Qh6+  1-0

[Event "Open"]
[Site "Dubai UAE"]
[Date "2002.04.22"]
[Round "6"]
[White "Ghaem Maghami,E"]
[Black "Motylev,A"]
[Result "0-1"]
[WhiteElo "2513"]
[BlackElo "2639"]

1.c4 Nf6 2.Nc3 e5 3.Nf3 Nc6 4.d4 exd4 5.Nxd4 Bb4 6.Bg5 h6 7.Bh4 Bxc3+ 8.bxc3 O-O
9.f3 Re8 10.Qc2 Ne5 11.e4 d6 12.Rd1 Ng6 13.Bf2 Nd7 14.Bg3 Nc5 15.Be2 Bd7
16.Qd2 a6 17.h4 Qe7 18.h5 Ne5 19.Bh4 f6 20.Nb3 Be6 21.Qd4 Na4 22.c5 Nxc5
23.Nxc5 dxc5 24.Qxe5 fxe5 25.Bxe7 Rxe7 26.a3 Kf7 27.g3 Rd7 28.Rxd7+ Bxd7
29.Kf2 Be6 30.Ke3 b5 31.f4 Kf6 32.Rb1 Rd8 33.Rb2 Rd6 34.Rc2 Rd8 35.Rb2 Ra8
36.Rd2 Rb8 37.f5 Bf7 38.Rd7 Rc8 39.c4 b4 40.Kd2 a5 41.Kc1 bxa3 42.Kc2 Rb8  0-1

[Event "Open"]
[Site "Dubai UAE"]
[Date "2002.04.23"]
[Round "7"]
[White "Motylev,A"]
[Black "Kharlov,A"]
[Result "1/2-1/2"]
[WhiteElo "2639"]
[BlackElo "2638"]

1.e4 c5 2.Nf3 d6 3.d4 cxd4 4.Nxd4 Nf6 5.Nc3 Nc6 6.f3 e6 7.Be3 Be7 8.Qd2 O-O
9.g4 d5 10.g5 Nh5 11.exd5 Nxd4 12.Qxd4 Bxg5 13.O-O-O exd5 14.Rg1 Bxe3+ 15.Qxe3 Nf6
16.Ne4 Nxe4 17.fxe4 Qb6 18.Qg5 g6 19.exd5 Re8 20.d6 Be6 21.Rg3 Red8 22.Qf4 Rac8
23.Bh3 Rc4 24.Qd2 Rc6 25.Bxe6 Rcxd6 26.Bxf7+ Kxf7 27.Qf4+ Kg7 28.Qe5+  1/2-1/2

[Event "Open"]
[Site "Dubai UAE"]
[Date "2002.04.25"]
[Round "9"]
[White "Motylev,A"]
[Black "Acs,P"]
[Result "1-0"]
[WhiteElo "2622"]
[BlackElo "2529"]

1.e4 e5 2.Nf3 Nc6 3.d4 exd4 4.Nxd4 Bc5 5.Nxc6 Qf6 6.Qd2 bxc6 7.Nc3 Qg6 8.f4 Nf6
9.Bd3 Ng4 10.e5 Qh6 11.Qe2 Nf2 12.Ne4 Nxh1 13.Nxc5 Qxh2 14.Be3 O-O 15.g4 Qh3
16.Ne4 h6 17.Kd2 d5 18.exd6 cxd6 19.Rg1 d5 20.Nd6 Ng3 21.Qf3 Bxg4 22.Qxg3 Qxg3
23.Rxg3 h5 24.Bf5 Bxf5 25.Nxf5 g6 26.Ne7+ Kh7 27.Nxc6 Rfe8 28.Ne5 Re7 29.Bc5 Rc7
30.Bd4 Re8 31.f5 Rce7 32.Nxf7  1-0

[Event "9th RUS-chT"]
[Site "Ekaterinburg RUS"]
[Date "2002.05.17"]
[Round "1"]
[White "Motylev,A"]
[Black "Makarov,M"]
[Result "1-0"]
[WhiteElo "2622"]
[BlackElo "2523"]

1.e4 c5 2.Nf3 d6 3.d4 cxd4 4.Nxd4 Nf6 5.Nc3 a6 6.f3 e5 7.Nb3 Be6 8.Be3 Nbd7
9.g4 b5 10.g5 b4 11.Ne2 Nh5 12.Qd2 a5 13.Ng3 Nxg3 14.hxg3 a4 15.Nc1 Qa5 16.f4 exf4
17.gxf4 d5 18.f5 Ne5 19.Qf2 b3+ 20.Bd2 Bb4 21.c3 a3 22.axb3 axb2 23.Rxa5 Bxa5
24.fxe6 b1=Q 25.Bb5+ Kf8 26.Qc5+ Kg8 27.Qxd5  1-0

[Event "9th RUS-chT"]
[Site "Ekaterinburg RUS"]
[Date "2002.05.18"]
[Round "2"]
[White "Tseshkovsky,V"]
[Black "Motylev,A"]
[Result "0-1"]
[WhiteElo "2554"]
[BlackElo "2622"]

1.e4 e5 2.Nf3 Nf6 3.Nxe5 d6 4.Nf3 Nxe4 5.d4 d5 6.Bd3 Bd6 7.O-O O-O 8.c4 c6
9.Qc2 Na6 10.a3 f5 11.Nc3 Nc7 12.c5 Be7 13.Ne2 Bf6 14.b4 Ne6 15.Bb2 Qc7 16.Rad1 g6
17.Qb1 Qg7 18.Ba1 Bd7 19.Kh1 Be8 20.Ne1 g5 21.f3 Bg6 22.Bc2 Rae8 23.fxe4 fxe4
24.g4 Bd8 25.Ng2 Bc7 26.Ng1 Qh6 27.h4 Rf4 28.Qb3 Rxg4 29.Qh3 Rg3  0-1

[Event "9th RUS-chT"]
[Site "Ekaterinburg RUS"]
[Date "2002.05.19"]
[Round "3"]
[White "Motylev,A"]
[Black "Balashov,Y"]
[Result "1-0"]
[WhiteElo "2622"]
[BlackElo "2533"]

1.e4 e6 2.d4 d5 3.e5 c5 4.c3 Qb6 5.Nf3 Nc6 6.a3 c4 7.Nbd2 Na5 8.g3 Bd7 9.Bh3 O-O-O
10.O-O h6 11.Ne1 h5 12.Ndf3 Nb3 13.Rb1 Nxc1 14.Qxc1 Ba4 15.Ng5 Nh6 16.f4 g6
17.Ng2 Be7 18.Qd2 Kb8 19.Ne3 Rdf8 20.Nf3 a6 21.Qf2 Ka7 22.Bg2 Rd8 23.h3 Nf5
24.Nxf5 exf5 25.h4 Rc8 26.Nd2 Rhd8 27.Rfc1 Rc6 28.Nf1 Rc7 29.Bf3 Qa5 30.Qg2 Rcd7
31.Ne3 Bb3 32.Re1 Qb5 33.Re2 Bf8 34.Kh1 a5 35.Ra1 Ba4 36.Rd2 Be7 37.Re1 Bb3
38.Rde2 Qc6 39.e6 fxe6 40.Nxd5 exd5 41.Rxe7 Ba4 42.R1e6 Rxe7 43.Rxe7 Qf6
44.Re5 Bc6 45.Qe2 Rd6 46.Re7 a4 47.Qe5 Kb8 48.Kg1 Ka7 49.Kf2 Kb6 50.Ke3 Ka6
51.Kd2 Kb6 52.Kc1 Ka6 53.Kc2 Kb6 54.Kd1 Ka6 55.Kd2 Kb6 56.Rh7 Qd8 57.Re7 Ka7
58.Re6 Rxe6 59.Qxe6  1-0